000 00353 a2200157 4500
001 14057
020 _a9788508171606
040 _cAnchieta - Aquarius
100 _aMachado, Ana Maria
240 1 0 _aDe noite no bosque
_lpor
245 1 0 _aDe noite no bosque
300 _a29p.
362 0 _a2017
650 4 _aLiteratura infanto-juvenil
942 _cBK
999 _c14057
_d14057